| 000 | 00341nam a22001337a 4500 | ||
|---|---|---|---|
| 003 | 1 | ||
| 005 | 20241119135208.0 | ||
| 008 | 241119b xxu||||| |||| 00| 0 eng d | ||
| 100 | _aWest, Kara | ||
| 245 |
_aMia Mayhem: _bis a superhero!/ _cKara West |
||
| 260 |
_aU.S.A. _bSimon & Schuster _c2019 |
||
| 300 |
_a121 p.; _c190 cm. |
||
| 942 |
_2ddc _cBK |
||
| 999 |
_c366768 _d366768 |
||